000 00587nam a2200181 i 4500
001 63024
003 ES-MaACL
005 20251127063337.0
007 t|
008 031127s1921 sp ||||1| spa d
100 0 _aFernández de Peñaranda y de Angulo, Agustín,
_cMarqués de Santa Lucía de Cochán
_949704
245 1 0 _aLecciones de derecho usual /
_cpor Agustín Fernández de Peñaranda y de Angulo.
250 _a2ª ed. corr. y aum.
260 _aMadrid :
_bJuan Pueyo,
_c1921.
300 _a534 p. ;
_c23 cm.
852 _aES-MaACL
_jA-58
999 _c63024
_d63024